00866cam a22002297a 4500003000500000005001700005008004100022010001000063011001000073035001000083040000900093082001600102100003300118245006700151260014600218300002300364490007300387650002900460700004000489700003400529830007300563CHAP20241112062702.0971013s1994 r 00010 d a20722 a21694 a25785 cCHAP a634.334bG610aGómez Cruz, Manuel Ángel13aEl limón persa en Méxicob: una opción para el trópico aMéxico, D. F. :bUACH.Centro de Investigaciones Económicas, Sociales y Tecnológicas de la Agroindustria y la Agricultura Mundial,c1994 a202 p.b; gráfs. 0aColección estructura y dinámica de los sistemas agroindustriales14aLimón persaxMéxico.0 aBarrera González, José Alberto.1 aSchwentesius Rindermann, Rita0 aColección estructura y dinámica de los sistemas agroindustriales